000 00284nam a22001217a 4500
999 _c13091
_d13091
020 _a9781787634381
082 _a303.340
100 _aJulia Gillard & Ngozi Okonjo Iweala
245 _aWomen and Leadership
260 _aAustralia
_bPenguin
_c2020
300 _a325 pages
942 _cBK